[Event "Omsk Rating op"]
[Site "Omsk"]
[Date "2014.10.19"]
[Round "8"]
[White "Glushakov, Andrey"]
[Black "Pisjmeniuk, Artem"]
[Result "0-1"]
[WhiteElo "1912"]
[BlackElo "2046"]
[PlyCount "52"]
[EventDate "2014.10.06"]
[EventType "swiss"]
[EventRounds "9"]
[EventCountry "RUS"]
[SourceTitle "EXT 2023"]
[Source "ChessBase"]
[SourceDate "2022.10.05"]
[SourceVersion "1"]
[SourceVersionDate "2022.10.05"]
[SourceQuality "1"]

1. g3 e5 2. c4 Nc6 3. Bg2 f5 4. e3 Nf6 5. d4 Bb4+ 6. Nc3 Qe7 7. Nge2 Bxc3+ 8. bxc3 d6 9. 0-0 0-0 10. Rb1 e4 11. Nf4 Qf7 12. Qe2 g5 13. Nh3 h6 14. Kh1 Na5 15. d5 b6 16. f3 exf3 17. Bxf3 g4 18. Bg2 gxh3 19. Bxh3 Qh5 20. Qxh5 Nxh5 21. e4 f4 22. Bxc8 Raxc8 23. g4 Nf6 24. Rxf4 Nxc4 25. Rf5 Nxg4 26. h3 Nf2+ 0-1

[Event "Omsk Summer op"]
[Site "Omsk"]
[Date "2013.06.09"]
[Round "2"]
[White "Bogachkova, Alena"]
[Black "Pisjmeniuk, Artem"]
[Result "1-0"]
[WhiteElo "2089"]
[BlackElo "1984"]
[PlyCount "63"]
[EventDate "2013.06.08"]
[EventType "swiss"]
[EventRounds "9"]
[EventCountry "RUS"]
[SourceTitle "EXT 2014"]
[Source "ChessBase"]
[SourceDate "2013.11.20"]
[SourceVersion "1"]
[SourceVersionDate "2013.11.20"]
[SourceQuality "1"]

1. e4 c5 2. Nf3 Nc6 3. d4 cxd4 4. Nxd4 e5 5. Nb5 d6 6. N1c3 a6 7. Na3 Be6 8. Nc4 b5 9. Ne3 Nf6 10. g3 Nd4 11. Bg2 Rc8 12. 0-0 Qc7 13. a3 a5 14. Qd3 Bd7 15. Bd2 b4 16. axb4 axb4 17. Ncd5 Nxd5 18. Nxd5 Qxc2 19. Qxc2 Nxc2 20. Ra7 b3 21. Ba5 Be7 22. Nxe7 Kxe7 23. Bh3 Rhd8 24. Bxd8+ Rxd8 25. Rd1 Nd4 26. Bxd7 Rxd7 27. Rxd7+ Kxd7 28. Ra1 Ke6 29. Ra7 h5 30. h4 Nf3+ 31. Kg2 Nd4 32. Rb7 1-0